[Event "Yalta Yialos blitz op"]
[Site "Yalta"]
[Date "2023.08.28"]
[Round "11"]
[White "Mukhtarova, Viktoriya"]
[Black "Prober, Egor"]
[Result "1-0"]
[WhiteElo "1978"]
[BlackElo "1064"]
[PlyCount "47"]
[EventDate "2023.08.28"]
[EventType "swiss (blitz)"]
[EventRounds "13"]
[EventCountry "UKR"]
[SourceTitle "EXT 2024"]
[Source "ChessBase"]
[SourceDate "2023.10.10"]
[SourceVersion "1"]
[SourceVersionDate "2023.10.10"]
[SourceQuality "1"]

1. Nf3 d5 2. g3 Nf6 3. Bg2 c5 4. 0-0 Nc6 5. d3 e6 6. Nbd2 Bd6 7. e4 0-0 8. Re1 Qc7 9. a4 Ne5 10. Qe2 Re8 11. c3 Nxf3+ 12. Nxf3 e5 13. h3 Bd7 14. Bg5 Bc6 15. Bxf6 gxf6 16. Nh4 Bd7 17. exd5 Qc8 18. Kh2 f5 19. Qh5 f4 20. Be4 Bxh3 21. Qxh7+ Kf8 22. Bf5 Bxf5 23. Nxf5 Rd8 24. Qh8# 1-0

[Event "Yalta Yialos Rapid op"]
[Site "Yalta"]
[Date "2023.08.26"]
[Round "8"]
[White "Prober, Egor"]
[Black "Gromov, Mikhail"]
[Result "1/2-1/2"]
[WhiteElo "1064"]
[BlackElo "1360"]
[PlyCount "128"]
[EventDate "2023.08.25"]
[EventType "swiss (rapid)"]
[EventRounds "11"]
[EventCountry "UKR"]
[SourceTitle "EXT 2024"]
[Source "ChessBase"]
[SourceDate "2023.10.10"]
[SourceVersion "1"]
[SourceVersionDate "2023.10.10"]
[SourceQuality "1"]

1. e4 e6 2. d4 d5 3. e5 c5 4. c3 Qb6 5. Nf3 Nc6 6. a3 Bd7 7. Be2 cxd4 8. cxd4 Nge7 9. Nc3 Nf5 10. Na4 Qc7 11. g4 Nfe7 12. Nc5 b6 13. Nxd7 Qxd7 14. Bd2 g6 15. Rc1 Bg7 16. Bb5 0-0 17. g5 a6 18. Bd3 b5 19. h4 Nf5 20. Be3 Nce7 21. Nd2 Rac8 22. Nb3 Nxe3 23. fxe3 Nf5 24. Nc5 Qa7 25. Bxf5 exf5 26. Qf3 Rfd8 27. b4 a5 28. 0-0 axb4 29. axb4 Bf8 30. Ra1 Qc7 31. Rfc1 Bxc5 32. Rxc5 Qb7 33. Rac1 Rxc5 34. Rxc5 Kg7 35. e6 fxe6 36. Qf4 Qf7 37. Rc7 Rd7 38. Qe5+ Kf8 39. Rxd7 Qxd7 40. Qh8+ Ke7 41. Qxh7+ Kd6 42. Qxd7+ Kxd7 43. Kg2 Kd6 44. Kh2 e5 45. Kg3 exd4 46. exd4 Ke7 47. Kf3 Kf7 48. Ke3 Ke7 49. Kf4 Ke6 50. Kg3 Kf7 51. Kf3 Ke7 52. Ke3 Kf7 53. Kf4 Ke6 54. Kg3 Kf7 55. Kh3 Ke7 56. Kg3 Kf7 57. Kf3 Ke7 58. Kf4 Ke6 59. Kg3 Kf7 60. Kh3 Kg7 61. Kg3 Kf7 62. Kf3 Ke7 63. Ke3 Kf7 64. Kf4 Ke6 1/2-1/2

[Event "Yalta Yialos Rapid op"]
[Site "Yalta"]
[Date "2023.08.25"]
[Round "2"]
[White "Prober, Egor"]
[Black "Smirnov, Pavel"]
[Result "0-1"]
[WhiteElo "1064"]
[BlackElo "2538"]
[PlyCount "52"]
[EventDate "2023.08.25"]
[EventType "swiss (rapid)"]
[EventRounds "11"]
[EventCountry "UKR"]
[SourceTitle "EXT 2024"]
[Source "ChessBase"]
[SourceDate "2023.10.10"]
[SourceVersion "1"]
[SourceVersionDate "2023.10.10"]
[SourceQuality "1"]

1. d4 Nf6 2. c4 e6 3. Nc3 Bb4 4. Nf3 0-0 5. Bg5 c5 6. e3 cxd4 7. exd4 d5 8. cxd5 exd5 9. Be2 h6 10. Bh4 g5 11. Bg3 Ne4 12. Qb3 Nc6 13. Rd1 Re8 14. Ne5 Nxe5 15. Bxe5 Qb6 16. 0-0 Bxc3 17. Qxd5 Bf5 18. Bh5 Bg6 19. Bxg6 Qxg6 20. f3 Nd2 21. bxc3 Nxf1 22. Rxf1 Rac8 23. f4 Qc6 24. Qa5 Qxc3 25. Qxa7 Qe3+ 26. Kh1 Rc1 0-1

[Event "Yalta Yialos op"]
[Site "Yalta"]
[Date "2023.08.24"]
[Round "9"]
[White "Prober, Egor"]
[Black "Kirushin, Yuri"]
[Result "1-0"]
[WhiteElo "1064"]
[BlackElo "1825"]
[PlyCount "39"]
[EventDate "2023.08.16"]
[EventType "swiss"]
[EventRounds "9"]
[EventCountry "UKR"]
[SourceTitle "EXT 2024"]
[Source "ChessBase"]
[SourceDate "2023.10.10"]
[SourceVersion "1"]
[SourceVersionDate "2023.10.10"]
[SourceQuality "1"]

1. d4 d6 2. e4 g6 3. Be3 Bg7 4. Nc3 a5 5. Bc4 b5 6. Bxb5+ c6 7. Ba4 Bd7 8. Nf3 Bg4 9. h3 Bd7 10. Qd3 Qc8 11. d5 Na6 12. 0-0 Nb4 13. Qd2 c5 14. a3 Na6 15. Bxd7+ Qxd7 16. Bf4 Rb8 17. e5 Rxb2 18. exd6 Qf5 19. Ra2 Rb7 20. Re1 1-0

[Event "Yalta Yialos op"]
[Site "Yalta"]
[Date "2023.08.16"]
[Round "1"]
[White "Prober, Egor"]
[Black "Kryakvin, Dmitry"]
[Result "0-1"]
[WhiteElo "1064"]
[BlackElo "2471"]
[PlyCount "44"]
[EventDate "2023.08.16"]
[EventType "swiss"]
[EventRounds "9"]
[EventCountry "UKR"]
[SourceTitle "EXT 2024"]
[Source "ChessBase"]
[SourceDate "2023.10.10"]
[SourceVersion "1"]
[SourceVersionDate "2023.10.10"]
[SourceQuality "1"]

1. d4 Nf6 2. c4 e6 3. Nf3 d5 4. e3 a6 5. Nc3 Nbd7 6. Bd3 dxc4 7. Bxc4 b5 8. Bd3 c5 9. 0-0 Bb7 10. b3 Bd6 11. Bb2 0-0 12. Nd2 cxd4 13. exd4 Rc8 14. Re1 Bb4 15. Rc1 Nb6 16. Nce4 Rxc1 17. Qxc1 Nxe4 18. Bxe4 Qg5 19. Bc3 Rc8 20. Bxb7 Rxc3 21. Qd1 Rd3 22. Qc2 Qxd2 0-1

[Event "Sevastopol Waltz Blitz"]
[Site "Sevastopol"]
[Date "2023.06.29"]
[Round "3"]
[White "Hasangatin, Ramil"]
[Black "Prober, Egor"]
[Result "1-0"]
[WhiteElo "2457"]
[BlackElo "1062"]
[PlyCount "101"]
[EventDate "2023.06.29"]
[EventType "swiss (blitz)"]
[EventRounds "13"]
[EventCountry "UKR"]
[SourceTitle "CBM 215 Extra"]
[Source "ChessBase"]
[SourceDate "2023.09.30"]
[SourceVersion "1"]
[SourceVersionDate "2023.09.30"]
[SourceQuality "1"]

1. e4 e5 2. Nf3 Nc6 3. Bb5 Nf6 4. Bxc6 dxc6 5. d3 Bd6 6. Bg5 c5 7. Nbd2 0-0 8. Qe2 Be6 9. Nc4 Bxc4 10. dxc4 h6 11. Bh4 a6 12. 0-0 Qe7 13. Rfd1 Qe6 14. Nd2 Rab8 15. a4 Rbd8 16. Nf1 Be7 17. f3 Nh5 18. Bg3 a5 19. Rd5 Nxg3 20. hxg3 b6 21. Rad1 Bd6 22. g4 g6 23. Ng3 Qf6 24. Qe3 Kg7 25. Kf2 Qe6 26. b3 Qe7 27. R5d2 Qe6 28. Rd3 Qe7 29. Ke2 Qh4 30. Qf2 Qg5 31. Rh1 Be7 32. Rhd1 Bd6 33. Qe3 Qxe3+ 34. Kxe3 Be7 35. Rd5 Bd6 36. Ke2 Kf6 37. Nf1 Kg7 38. Ne3 Kf6 39. R5d3 Ke6 40. Nd5 f5 41. exf5+ gxf5 42. gxf5+ Rxf5 43. Nxc7+ Bxc7 44. Rxd8 Bxd8 45. Rxd8 Rf6 46. Re8+ Kf5 47. Ke3 Rg6 48. g4+ Kg5 49. Rxe5+ Kh4 50. Kf2 Rd6 51. Rh5# 1-0

[Event "Sevastopol Waltz Blitz"]
[Site "Sevastopol"]
[Date "2023.06.29"]
[Round "2"]
[White "Prober, Egor"]
[Black "Derjabin, Ilja"]
[Result "1-0"]
[WhiteElo "1062"]
[BlackElo "2333"]
[PlyCount "71"]
[EventDate "2023.06.29"]
[EventType "swiss (blitz)"]
[EventRounds "13"]
[EventCountry "UKR"]
[SourceTitle "CBM 215 Extra"]
[Source "ChessBase"]
[SourceDate "2023.09.30"]
[SourceVersion "1"]
[SourceVersionDate "2023.09.30"]
[SourceQuality "1"]

1. e4 c5 2. Nf3 d6 3. d4 cxd4 4. Nxd4 Nf6 5. Nc3 e5 6. Ndb5 a6 7. Na3 Be7 8. Bg5 0-0 9. Bxf6 Bxf6 10. Nd5 Bg5 11. h4 Bh6 12. Be2 Nc6 13. g4 Bf4 14. Nxf4 exf4 15. Nc4 Qe7 16. f3 Rd8 17. Nb6 Rb8 18. Nd5 Qe5 19. c3 Be6 20. Bc4 b5 21. Bb3 Na5 22. Kf2 Nc4 23. Bxc4 bxc4 24. Rb1 Kf8 25. Kg2 Bxd5 26. Qxd5 Qxd5 27. exd5 Rb5 28. Rhd1 Re8 29. Kf2 Re5 30. Rd4 Rexd5 31. Rxc4 Rd2+ 32. Ke1 Rdxb2 33. Rxb2 Rxb2 34. Ra4 Ke7 35. Rxa6 Rc2 36. Ra4 1-0

[Event "Sevastopol Waltz Rapid"]
[Site "Sevastopol"]
[Date "2023.06.28"]
[Round "10"]
[White "Chudinovskikh, Alexander M"]
[Black "Prober, Egor"]
[Result "1-0"]
[WhiteElo "2059"]
[BlackElo "1062"]
[PlyCount "83"]
[EventDate "2023.06.26"]
[EventType "swiss (rapid)"]
[EventRounds "11"]
[EventCountry "UKR"]
[SourceTitle "CBM 215 Extra"]
[Source "ChessBase"]
[SourceDate "2023.09.30"]
[SourceVersion "1"]
[SourceVersionDate "2023.09.30"]
[SourceQuality "1"]

1. d4 Nf6 2. Nc3 d5 3. Bg5 Ne4 4. Nxe4 dxe4 5. f3 Bf5 6. Qd2 h6 7. Bh4 exf3 8. gxf3 g5 9. Bf2 Bg7 10. e4 Bg6 11. h4 e6 12. 0-0-0 c6 13. Nh3 f6 14. Bd3 Nd7 15. f4 g4 16. f5 Bf7 17. fxe6 Bxe6 18. d5 gxh3 19. dxe6 Ne5 20. Bg3 h5 21. Bxe5 fxe5 22. Kb1 Qxh4 23. Qe3 a6 24. Rxh3 Qg4 25. Be2 Qxe6 26. Rxh5 Rd8 27. Rxh8+ Bxh8 28. Bh5+ Ke7 29. Qc5+ Rd6 30. b3 Kd7 31. Rg1 Kc7 32. Bg4 Qe7 33. Qa5+ Kb8 34. Bf5 Qd8 35. Qe1 Bg7 36. Kb2 Rd2 37. Rxg7 Qd4+ 38. Kc1 Rf2 39. Kb1 Rd2 40. Rd7 Qxd7 41. Bxd7 Rxd7 42. Qa5 1-0

[Event "Sevastopol Waltz Rapid"]
[Site "Sevastopol"]
[Date "2023.06.27"]
[Round "5"]
[White "Prober, Egor"]
[Black "Nesterenko, Vladislav"]
[Result "1-0"]
[WhiteElo "1062"]
[BlackElo "1332"]
[PlyCount "81"]
[EventDate "2023.06.26"]
[EventType "swiss (rapid)"]
[EventRounds "11"]
[EventCountry "UKR"]
[SourceTitle "CBM 215 Extra"]
[Source "ChessBase"]
[SourceDate "2023.09.30"]
[SourceVersion "1"]
[SourceVersionDate "2023.09.30"]
[SourceQuality "1"]

1. e4 c5 2. Nf3 e6 3. d4 cxd4 4. Nxd4 a6 5. c4 Qc7 6. Nc3 b6 7. a3 Bb7 8. Be3 d6 9. Be2 Nd7 10. Qd2 Be7 11. Rc1 Rc8 12. 0-0 Ngf6 13. f3 0-0 14. Rfd1 Qb8 15. Kh1 Bd8 16. b4 Bc7 17. Nb3 d5 18. cxd5 exd5 19. Nxd5 Nxd5 20. exd5 Bxh2 21. f4 Bg3 22. Nd4 Bh4 23. Nf5 Bf6 24. Bd4 Rfe8 25. Bf3 Rxc1 26. Rxc1 g6 27. Nh6+ Kg7 28. Ng4 Qd6 29. f5 Kg8 30. fxg6 fxg6 31. Rd1 Bxd4 32. Qxd4 Ne5 33. Re1 Nxf3 34. Rxe8+ Kf7 35. gxf3 Kxe8 36. Qh8+ Qf8 37. Qe5+ Kd7 38. Nf6+ Kc8 39. Qe6+ Kc7 40. d6+ Kc6 41. Qd5# 1-0